| Tag |
First Indicator |
Second Indicator |
Subfields |
| LEADER |
00000pam a2200000 a 4500 |
| 001 |
in00000088269 |
| 005 |
20151008063119.0 |
| 008 |
810320s1982 cau b s00110 eng |
| 010 |
|
|
|a 81002772
|
| 020 |
|
|
|a 0520042999
|
| 035 |
|
|
|a (OCoLC)07328249
|
| 035 |
|
|
|9 AAK1605AM
|
| 039 |
0 |
|
|a 2
|b 3
|c 3
|d 3
|e 3
|
| 040 |
|
|
|a DLC
|c DLC
|d TXA
|d UtOrBLW
|
| 043 |
|
|
|a a-cc---
|
| 049 |
|
|
|a TXAM
|c [1673530]
|
| 050 |
0 |
0 |
|a LA1133.7
|b S553 1982
|
| 082 |
0 |
|
|a 371.8/1/091
|2 19
|
| 100 |
1 |
|
|a Shirk, Susan L.
|
| 245 |
1 |
0 |
|a Competitive comrades :
|b career incentives and student strategies in China /
|c Susan L. Shirk.
|
| 264 |
|
1 |
|a Berkeley :
|b University of California Press,
|c [1982]
|
| 264 |
|
4 |
|c ©1982
|
| 300 |
|
|
|a xiii, 231 pages ;
|c 25 cm.
|
| 336 |
|
|
|a text
|b txt
|2 rdacontent
|
| 337 |
|
|
|a unmediated
|b n
|2 rdamedia
|
| 338 |
|
|
|a volume
|b nc
|2 rdacarrier
|
| 500 |
|
|
|a Includes index.
|
| 504 |
|
|
|a Bibliography: pages 209-217.
|
| 650 |
|
0 |
|a Students
|x Political activity
|z China.
|
| 650 |
|
0 |
|a Socialism and youth
|z China.
|
| 999 |
|
|
|a MARS
|
| 999 |
f |
f |
|s ddf78fc1-c01e-32e7-91b8-f9e07d5e347c
|i fb63918f-019b-3956-b381-bd767ddd58d7
|t 0
|
| 952 |
f |
f |
|p normal
|a Texas A&M University
|b College Station
|c Sterling C. Evans Library
|d Evans: Library Stacks
|t 0
|e LA1133.7 S553 1982
|h Library of Congress classification
|i unmediated -- volume
|m A14805975354
|
| 998 |
f |
f |
|a LA1133.7 S553 1982
|t 0
|l Evans: Library Stacks
|